000 02162cam a22004574i 4500
003 PE-LiUPU
005 20250731184049.0
008 150617s1983 pe a r 000 0 spa d
020 _a8449988489
020 _a9788449988486
035 _a(Sirsi) i9788449988486
040 _aPE-LiUPU
_bspa
_cPE-LiUPU
_dPE-LiUPU
_erda
049 _aPRUA
082 0 4 _a868.285
_bP19
_221
100 1 _aPalma, Ricardo,
_eautor.
245 1 0 _aTradiciones peruanas /
_cRicardo Palma.
264 1 _aLima :
_bEnrique Cappelletti,
_c1983.
300 _a349 páginas :
_bilustraciones ;
_c25 centímetros
336 _atext
_2rdacontent
337 _aunmediated
_2rdamedia
338 _avolume
_2rdacarrier
500 _aOtra ed.: 1951.
505 0 _aJuicios críticos -- Los incas ajedrecistas -- Entre jesuitas, agustinianos y dominicos -- El baile de la victoria -- Los aguadores de Lima -- Minucias históricas -- El poeta de la adivinanza -- Delirios de un loco -- Sobre el monumento de San Martín -- Mi última tradición.
526 _aP145
526 _aP127
526 _aP97
526 _aP14
526 _aP07
650 0 4 _aFolklore Peruano.
650 0 4 _aTradiciones Peruanas.
910 _ajck
_bjvq
_cjck
_d20150616
942 _2ddc
_cBOOK
949 _a868.285 P19
_wDEWEY
_c1
_i25335
_lCCODEBUL1
_mBUL
_r0
_sY
_tBOOK
_u2015-6-17
_xEDUCACION
_zUNKNOWN
_0COMPRA
_o.STAFF. Colección Ciencias Humanas y Educación
949 _a868.285 P19
_wDEWEY
_c2
_i02597
_d2016-9-8
_e2016-9-1
_lCCODEBUL1
_mBUL
_n1
_r0
_sY
_tBOOK
_u2015-6-17
_xEDUCACION
_zUNKNOWN
_0COMPRA
_o.STAFF. Colección Ciencias Humanas y Educación
994 _aC0
_bPEPRU
596 _a1
999 _a868.285 P19
_wDEWEY
_c5377
_i25335
_f2021-11-9
_g5
_lCCODEBUL1
_mBUL
_p33.00
_r0
_sY
_tBOOK
_u2015-6-17
_xEDUCACION
_zUNKNOWN
_0COMPRA
_o.STAFF. Colección Ciencias Humanas y Educación
_d5377
999 _a868.285 P19
_wDEWEY
_c2
_i02597
_d2016-9-8
_e2016-9-1
_f2021-11-5
_g5
_lCCODEBUL1
_mBUL
_n1
_p33.00
_r0
_sY
_tBOOK
_u2015-6-17
_xBIBLIOTECA
_zUNKNOWN
_0COMPRA
_o.STAFF. Colección Ciencias Humanas y Educación
980 _81
_gALBERTO SANCHEZ Responsable de Automatización